000 00286nam a2200121Ia 4500
008 190216s9999||||xx |||||||||||||| ||und||
100 _aSancheti And Vk Kapoor
245 0 _aStatistics
260 _bPentice Hall Of India
_c1991
300 _a2445p
650 _aStatistics
942 _cBK
999 _c37221
_d37221